[Event "24. European Club Cup 2008"]
[Site "Kallithea GRE"]
[Date "2008.10.17"]
[Round "1.13"]
[White "Moen, Ole Christian"]
[Black "Turov, Maxim"]
[Result "0-1"]
[WhiteElo "2236"]
[BlackElo "2572"]
[PlyCount "116"]
[EventDate "2008.10.17"]
[EventType "team-swiss"]
[EventRounds "7"]
[EventCountry "GRE"]
[Source "lmi"]
[SourceDate "2008.10.17"]
[WhiteTeam "OSS"]
[BlackTeam "FINEK"]

1. e4 c5 2. Nf3 a6 3. g3 b5 4. Bg2 Bb7 5. d3 g6 6. O-O Bg7 7. a4 d6 8. axb5
axb5 9. Rxa8 Bxa8 10. Na3 Qb6 11. c3 Nd7 12. Re1 Ngf6 13. Qb3 Bc6 14. e5 dxe5
15. Nxe5 Nxe5 16. Rxe5 Bxg2 17. Kxg2 Qc6+ 18. f3 b4 19. cxb4 cxb4 20. Qxb4 O-O
21. Qc4 Qd7 22. Rc5 Rb8 23. b4 e6 24. Rc7 Qe8 25. Qc6 Qxc6 26. Rxc6 Bf8 27. b5
Nd5 28. Nc4 Rxb5 29. Rc8 Kg7 30. Bb2+ f6 31. Rd8 g5 32. Bd4 Rb3 33. Ne3 Nxe3+
34. Bxe3 Ba3 35. h4 gxh4 36. gxh4 h5 37. Kg3 Bb4 38. Bf2 Bd2 39. Rd6 Kf7 40.
Rd8 e5 41. Kg2 Rb2 42. Kf1 Ba5 43. Rd5 Bb6 44. Bxb6 Rxb6 45. f4 Ke6 46. Ra5 Rb4
47. fxe5 fxe5 48. Kf2 Rxh4 49. Ra8 Rf4+ 50. Ke3 Kf5 51. Rg8 h4 52. Rh8 Kg4 53.
Rg8+ Kh3 54. Rg5 Rg4 55. Rxe5 Kg2 56. Rh5 h3 57. d4 h2 58. Rh8 h1=Q 0-1

[Event "24. European Club Cup 2008"]
[Site "Kallithea GRE"]
[Date "2008.10.17"]
[Round "1.13"]
[White "Khachatourian, Yerazik"]
[Black "Blechzin, Igor"]
[Result "0-1"]
[WhiteElo "2011"]
[BlackElo "2478"]
[PlyCount "112"]
[EventDate "2008.10.17"]
[EventType "team-swiss"]
[EventRounds "7"]
[EventCountry "GRE"]
[Source "lmi"]
[SourceDate "2008.10.17"]
[WhiteTeam "OSS"]
[BlackTeam "FINEK"]

1. e4 c5 2. Nf3 d6 3. d4 cxd4 4. Nxd4 Nf6 5. Nc3 Nc6 6. Be2 g6 7. Bg5 Bg7 8.
Nb3 Be6 9. O-O O-O 10. Qd2 Ne5 11. f3 Nc4 12. Bxc4 Bxc4 13. Rfd1 b5 14. Bh6
Bxh6 15. Qxh6 Qb6+ 16. Kh1 b4 17. Nd5 Bxd5 18. exd5 Rac8 19. Rd2 Rc4 20. Re1
Qc7 21. Nd4 Rc5 22. g4 Rxd5 23. Nf5 Rxf5 24. gxf5 Qb7 25. Qh3 Kg7 26. Rg2 Re8
27. f4 Qc8 28. Qd3 Kf8 29. fxg6 hxg6 30. Re3 Qc6 31. Reg3 Ne4 32. Rf3 e6 33.
Kg1 a5 34. Rh3 Ke7 35. Qe3 Ra8 36. Re2 Nf6 37. Rg3 Qc4 38. b3 Qd5 39. Rd2 Qc6
40. Re2 Nd5 41. Qe4 Qc5+ 42. Kh1 Rh8 43. Rg5 Kd7 44. Qf3 Qd4 45. Re4 Qd2 46.
Rg2 Qc1+ 47. Rg1 Qxc2 48. Re2 Qc6 49. Rgg2 Qc1+ 50. Rg1 Qxf4 51. Qxf4 Nxf4 52.
Rf2 e5 53. Rc2 Nd5 54. Rgg2 Ne3 55. Rgd2 Nxc2 56. Rxc2 Rc8 0-1

[Event "24. European Club Cup 2008"]
[Site "Kallithea GRE"]
[Date "2008.10.17"]
[Round "1.14"]
[White "Muhren, Willem"]
[Black "Anastasian, Ashot"]
[Result "0-1"]
[WhiteElo "2222"]
[BlackElo "2565"]
[PlyCount "78"]
[EventDate "2008.10.17"]
[EventType "team-swiss"]
[EventRounds "7"]
[EventCountry "GRE"]
[Source "lmi"]
[SourceDate "2008.10.17"]
[WhiteTeam "Calder"]
[BlackTeam "Bank King"]

1. e4 c5 2. d3 d5 3. Nd2 Nc6 4. g3 e5 5. Bg2 d4 6. Nh3 Bd6 7. O-O h5 8. f4 Bg4
9. Nf3 h4 10. Nf2 Bxf3 11. Qxf3 Nf6 12. a3 a5 13. a4 Kd7 14. g4 Kc7 15. g5 Nh5
16. f5 Nf4 17. Nh3 Qe7 18. c3 f6 19. g6 Nxh3+ 20. Qxh3 c4 21. Rd1 Rad8 22. Bf1
Bc5 23. Kh1 dxc3 24. bxc3 Rd7 25. Be3 Rhd8 26. Rab1 cxd3 27. Rd2 Kc8 28. Rb3
Qf8 29. Kg2 Qg8 30. Rb5 Bxe3 31. Qxe3 Qc4 32. Rc5 Qxa4 33. Kf3 Kc7 34. Rxd3
Rxd3 35. Bxd3 Qd1+ 36. Be2 Qh1+ 37. Kg4 Qg2+ 38. Kxh4 Rh8+ 39. Bh5 Qxh2+ 0-1

[Event "24. European Club Cup 2008"]
[Site "Kallithea GRE"]
[Date "2008.10.17"]
[Round "1.14"]
[White "Minasian, Artashes"]
[Black "Huizer, Mark"]
[Result "1-0"]
[WhiteElo "2541"]
[BlackElo "2195"]
[PlyCount "75"]
[EventDate "2008.10.17"]
[EventType "team-swiss"]
[EventRounds "7"]
[EventCountry "GRE"]
[Source "lmi"]
[SourceDate "2008.10.17"]
[WhiteTeam "Bank King"]
[BlackTeam "Calder"]

1. e4 c5 2. Nf3 d6 3. Nc3 Nf6 4. e5 dxe5 5. Nxe5 Nbd7 6. Nc4 Nb6 7. Qf3 e6 8.
Nxb6 Qxb6 9. a4 Bd7 10. a5 Qc6 11. Be2 Be7 12. a6 b6 13. Qg3 Qd6 14. Bf3 Qxg3
15. hxg3 Rc8 16. d3 Bd6 17. g4 Bc6 18. Bxc6+ Rxc6 19. Nb5 Bb8 20. g5 Nd5 21.
Ra4 Ke7 22. Bd2 Nc7 23. Nxc7 Bxc7 24. Bc3 e5 25. Re4 Re6 26. f4 f5 27. gxf6+
Kxf6 28. fxe5+ Ke7 29. b4 Rg6 30. O-O Rf8 31. Rxf8 Kxf8 32. Rc4 Re6 33. d4 cxd4
34. Rxc7 dxc3 35. Rxa7 b5 36. Ra8+ Kf7 37. a7 Ra6 38. e6+ 1-0

[Event "24. European Club Cup 2008"]
[Site "Kallithea GRE"]
[Date "2008.10.17"]
[Round "1.15"]
[White "Johannesson, Ingvar Thor"]
[Black "Stocek, Jiri"]
[Result "0-1"]
[WhiteElo "2355"]
[BlackElo "2578"]
[PlyCount "82"]
[EventDate "2008.10.17"]
[EventType "team-swiss"]
[EventRounds "7"]
[EventCountry "GRE"]
[Source "lmi"]
[SourceDate "2008.10.17"]
[WhiteTeam "Hellir"]
[BlackTeam "Novoborsky"]

1. Nf3 Nf6 2. c4 e6 3. g3 a6 4. Bg2 b5 5. b3 Bb7 6. O-O c5 7. Bb2 Be7 8. Nc3
Qb6 9. d3 O-O 10. Rb1 d5 11. cxd5 exd5 12. e4 Nbd7 13. exd5 Nxd5 14. d4 Rad8
15. dxc5 Nxc5 16. Qe2 Nxc3 17. Bxc3 Ne4 18. Ba1 h6 19. Rbd1 Bf6 20. Bxf6 Qxf6
21. Rxd8 Rxd8 22. Rd1 Nc3 23. Rxd8+ Qxd8 24. Qd2 Qxd2 25. Nxd2 Bxg2 26. Kxg2
Nxa2 27. Kf3 Kf8 28. Ke4 Ke7 29. Kd5 Kd7 30. Kc5 Kc7 31. f3 Nc1 32. Kd5 Kb6 33.
Kd6 a5 34. Ke7 Kc5 35. Kxf7 Kb4 36. Kxg7 Nxb3 37. Nb1 a4 38. f4 a3 39. Nxa3
Kxa3 40. f5 b4 41. f6 Nc5 0-1

[Event "24. European Club Cup 2008"]
[Site "Kallithea GRE"]
[Date "2008.10.17"]
[Round "1.15"]
[White "Simacek, Pavel"]
[Black "Salama, Omar"]
[Result "1-0"]
[WhiteElo "2477"]
[BlackElo "2258"]
[PlyCount "101"]
[EventDate "2008.10.17"]
[EventType "team-swiss"]
[EventRounds "7"]
[EventCountry "GRE"]
[Source "lmi"]
[SourceDate "2008.10.17"]
[WhiteTeam "Novoborsky"]
[BlackTeam "Hellir"]

1. e4 c5 2. Nf3 Nc6 3. d4 cxd4 4. Nxd4 Nf6 5. Nc3 e5 6. Ndb5 d6 7. Bg5 a6 8.
Na3 b5 9. Bxf6 gxf6 10. Nd5 Bg7 11. Bd3 Ne7 12. Nxe7 Qxe7 13. O-O O-O 14. c4 f5
15. Qf3 Rb8 16. exf5 e4 17. Bxe4 Bxb2 18. Rae1 Qf6 19. Nc2 bxc4 20. Ne3 Rb5 21.
Nxc4 d5 22. Bxd5 Qxf5 23. Qxf5 Bxf5 24. Rd1 Bg6 25. Nxb2 Rxb2 26. f4 Bf5 27.
Rf2 Rfb8 28. Bb3 Rxf2 29. Kxf2 Rb4 30. Ke3 Rb6 31. Kd4 Be6 32. Rd3 Kg7 33. g3
Kf6 34. Kc5 Rb5+ 35. Kd4 h5 36. Bxe6 fxe6 37. Ra3 a5 38. Kc4 Rf5 39. Rd3 Ke7
40. a4 h4 41. Rb3 hxg3 42. hxg3 Rf8 43. Rb5 Ra8 44. Rg5 Kd6 45. Kd4 Ra7 46. g4
Ra8 47. Rb5 Ra6 48. g5 Ra8 49. Rb6+ Kd7 50. Ke5 Rc8 51. Rd6+ 1-0

[Event "24. European Club Cup 2008"]
[Site "Kallithea GRE"]
[Date "2008.10.17"]
[Round "1.15"]
[White "Edvardsson, Kristjan"]
[Black "Cvek, Robert"]
[Result "0-1"]
[WhiteElo "2245"]
[BlackElo "2532"]
[PlyCount "136"]
[EventDate "2008.10.17"]
[EventType "team-swiss"]
[EventRounds "7"]
[EventCountry "GRE"]
[Source "lmi"]
[SourceDate "2008.10.17"]
[WhiteTeam "Hellir"]
[BlackTeam "Novoborsky"]

1. d4 Nf6 2. Nf3 e6 3. g3 c5 4. c4 cxd4 5. Nxd4 a6 6. Bg2 Qc7 7. b3 Bb4+ 8. Bd2
Be7 9. O-O O-O 10. Nc3 d6 11. e4 Nc6 12. Be3 Rb8 13. Rc1 Nxd4 14. Qxd4 Ng4 15.
Qb6 Qc6 16. Qxc6 bxc6 17. Bd2 c5 18. Rfd1 Bb7 19. Bf4 Rfd8 20. Rc2 g5 21. Bc1
Ne5 22. f4 gxf4 23. gxf4 Nc6 24. Be3 Bf6 25. Ne2 e5 26. Rcd2 Nd4 27. Nc3 exf4
28. Bxf4 Ne6 29. Ne2 Nxf4 30. Nxf4 Be5 31. Nd5 Bxd5 32. Rxd5 a5 33. R1d3 Kg7
34. Bh3 a4 35. bxa4 Kf6 36. Rf3+ Ke7 37. Rd2 Rb1+ 38. Bf1 Rg8+ 39. Kf2 Rg4 40.
h3 Rxe4 41. a5 Bd4+ 42. Kg2 Re6 43. a6 Rg6+ 44. Kh2 Rg8 45. Re2+ Be5+ 46. Kh1
Ra8 47. Ref2 f6 48. Ra3 Ra7 49. Kg2 Rb6 50. Bd3 h6 51. Be4 Rbxa6 52. Rxa6 Rxa6
53. Kf3 Ra3+ 54. Kg4 Rg3+ 55. Kh5 Rxh3+ 56. Kg6 h5 57. a4 Ra3 58. Kxh5 Rxa4 59.
Bd5 Ra1 60. Rg2 f5 61. Kg6 Rf1 62. Ra2 f4 63. Ra3 Rd1 64. Ra7+ Kd8 65. Be6 Rg1+
66. Kf5 f3 67. Ra2 Bd4 68. Ke4 f2 0-1

[Event "24. European Club Cup 2008"]
[Site "Kallithea GRE"]
[Date "2008.10.17"]
[Round "1.16"]
[White "Skytte, Rasmus"]
[Black "Meier, Georg"]
[Result "0-1"]
[WhiteElo "2392"]
[BlackElo "2558"]
[PlyCount "106"]
[EventDate "2008.10.17"]
[EventType "team-swiss"]
[EventRounds "7"]
[EventCountry "GRE"]
[Source "lmi"]
[SourceDate "2008.10.17"]
[WhiteTeam "Aarhus"]
[BlackTeam "Bremen"]

1. Nf3 Nf6 2. d4 e6 3. Bf4 b6 4. e3 Be7 5. h3 O-O 6. Nbd2 c5 7. c3 Ba6 8. Bxa6
Nxa6 9. a3 Qc8 10. O-O Qb7 11. Qe2 Rfc8 12. Rac1 d5 13. Ne5 Nb8 14. Bg5 Nc6 15.
f4 Ne8 16. Bxe7 Nxe7 17. Rc2 Rc7 18. Qd3 Nd6 19. dxc5 bxc5 20. c4 Nef5 21. g4
Ng3 22. Rf3 Nge4 23. cxd5 exd5 24. Nxe4 dxe4 25. Qxd6 exf3 26. Kf2 Re8 27. Nxf3
Rcc8 28. Rd2 c4 29. Qd4 a5 30. Nh4 g6 31. Nf3 c3 32. bxc3 Re4 33. Qf6 Qe7 34.
Qxe7 Rxe7 35. g5 Rxc3 36. Ne5 Kg7 37. Ng4 Re8 38. a4 Rc4 39. Rd7 Rxa4 40. Nh6
Rf8 41. Kf3 Ra1 42. h4 a4 43. f5 gxf5 44. Nxf5+ Kg6 45. e4 Re8 46. Rd6+ Re6 47.
Rd8 Rf1+ 48. Kg2 Rxf5 49. exf5+ Kxf5 50. Rd7 Ra6 51. Kg3 Ke6 52. Rd1 a3 53. Kg4
a2 0-1

[Event "24. European Club Cup 2008"]
[Site "Kallithea GRE"]
[Date "2008.10.17"]
[Round "1.16"]
[White "Jelling, Erik"]
[Black "Babula, Vlastimil"]
[Result "1-0"]
[WhiteElo "2382"]
[BlackElo "2608"]
[PlyCount "49"]
[EventDate "2008.10.17"]
[EventType "team-swiss"]
[EventRounds "7"]
[EventCountry "GRE"]
[Source "lmi"]
[SourceDate "2008.10.17"]
[WhiteTeam "Aarhus"]
[BlackTeam "Bremen"]

1. d4 Nf6 2. Nf3 e6 3. e3 b6 4. Bd3 Bb7 5. Nbd2 c5 6. c3 d5 7. Ne5 Bd6 8. f4
O-O 9. Qf3 Ba6 10. Bc2 Bxe5 11. fxe5 Nfd7 12. Qh3 h6 13. Nf3 Nc6 14. g4 f5 15.
gxf5 exf5 16. Rg1 Qe7 17. Qxh6 Rac8 18. Qh5 cxd4 19. Ng5 g6 20. Qxg6+ Qg7 21.
Qxg7+ Kxg7 22. Ne6+ Kh8 23. Nxf8 Nxf8 24. Bxf5 Re8 25. cxd4 1-0

[Event "24. European Club Cup 2008"]
[Site "Kallithea GRE"]
[Date "2008.10.17"]
[Round "1.16"]
[White "Fish, Gennadij"]
[Black "Boe, Mads"]
[Result "1-0"]
[WhiteElo "2531"]
[BlackElo "2342"]
[PlyCount "83"]
[EventDate "2008.10.17"]
[EventType "team-swiss"]
[EventRounds "7"]
[EventCountry "GRE"]
[Source "lmi"]
[SourceDate "2008.10.17"]
[WhiteTeam "Bremen"]
[BlackTeam "Aarhus"]

1. d4 f5 2. c4 Nf6 3. Nc3 e6 4. g3 d5 5. Bg2 c6 6. Nf3 Bd6 7. O-O O-O 8. Qc2
Bd7 9. Ne5 Be8 10. Qb3 Qb6 11. Nd3 Nbd7 12. c5 Qxb3 13. axb3 Bc7 14. Bf4 Bxf4
15. Nxf4 Bf7 16. Nd3 Rfe8 17. b4 a6 18. e3 Rac8 19. Rfe1 g5 20. h3 Bg6 21. Ne5
Nxe5 22. dxe5 Nd7 23. f4 Bh5 24. Kf2 Rb8 25. Bf1 Re7 26. Be2 Bxe2 27. Nxe2 Rg7
28. Rg1 h5 29. Nd4 Kf7 30. g4 hxg4 31. hxg4 gxf4 32. gxf5 fxe3+ 33. Kxe3 Rxg1
34. fxe6+ Ke7 35. Rxg1 Nxe5 36. Rg7+ Kf6 37. Rh7 Rg8 38. Rxb7 Rg3+ 39. Kf2 Rg4
40. e7 Kf7 41. Ne6 Rg6 42. Ng7 1-0

[Event "24. European Club Cup 2008"]
[Site "Kallithea GRE"]
[Date "2008.10.17"]
[Round "1.17"]
[White "Sousa, Helsio Paulo"]
[Black "Khmelniker, Ilya"]
[Result "0-1"]
[WhiteElo "2229"]
[BlackElo "2443"]
[PlyCount "144"]
[EventDate "2008.10.17"]
[EventType "team-swiss"]
[EventRounds "7"]
[EventCountry "GRE"]
[Source "lmi"]
[SourceDate "2008.10.17"]
[WhiteTeam "av 1911"]
[BlackTeam "Beer Sheva"]

1. e4 e5 2. Nf3 Nc6 3. d4 exd4 4. Nxd4 Bb4+ 5. Nc3 Nf6 6. Nxc6 bxc6 7. Bd3 O-O
8. O-O d5 9. exd5 cxd5 10. Bg5 c6 11. Qf3 Bd6 12. h3 h6 13. Bh4 Rb8 14. b3 Be6
15. Rad1 Rb4 16. Bxf6 Qxf6 17. Qxf6 gxf6 18. a3 Rh4 19. b4 Kh8 20. Rfe1 Rg8 21.
Kf1 a5 22. bxa5 Bxa3 23. Ra1 Bc5 24. Reb1 Rf4 25. Nd1 Ra8 26. Rb7 Ra7 27. a6
Rb4 28. Rxb4 Bxb4 29. Rb1 Bd6 30. Rb6 Bd7 31. Nc3 Kg7 32. Na4 Ra8 33. Rb7 Bc8
34. Rb6 Bd7 35. g4 Kf8 36. Rb7 Bc8 37. Rb6 Bd7 38. c4 dxc4 39. Bxc4 Be7 40. Rb7
Bc8 41. Rc7 Bxa6 42. Nb6 Bd8 43. Bxa6 Rxa6 44. Nd7+ Ke8 45. Rb7 Ra5 46. Kg2 Rd5
47. Nb8 Rb5 48. Rxb5 cxb5 49. Kf3 Bb6 50. Ke4 Bxf2 51. Kd5 Kf8 52. Nc6 Ke8 53.
Kd6 Kf8 54. Nb4 Be1 55. Nd3 Bd2 56. Kc5 b4 57. Kc4 Kg7 58. Nc5 Kg6 59. Ne4 Bc3
60. Nd6 Be1 61. Nf5 Kg5 62. Kd3 h5 63. Ne3 hxg4 64. hxg4 b3 65. Nd1 Kxg4 66.
Kc4 f5 67. Kxb3 Kf3 68. Kc4 Ke2 69. Nb2 f4 70. Nd3 f3 71. Nf4+ Kd2 72. Nh5 Bh4
0-1

[Event "24. European Club Cup 2008"]
[Site "Kallithea GRE"]
[Date "2008.10.17"]
[Round "1.17"]
[White "Nabaty, Tamir"]
[Black "Bjerke, Silje"]
[Result "1-0"]
[WhiteElo "2456"]
[BlackElo "2204"]
[PlyCount "117"]
[EventDate "2008.10.17"]
[EventType "team-swiss"]
[EventRounds "7"]
[EventCountry "GRE"]
[Source "lmi"]
[SourceDate "2008.10.17"]
[WhiteTeam "Beer Sheva"]
[BlackTeam "av 1911"]

1. e4 c5 2. Nf3 d6 3. d4 Nf6 4. Nc3 cxd4 5. Nxd4 a6 6. Bg5 e6 7. f4 Qb6 8. Qd2
Nc6 9. Bxf6 gxf6 10. Nb3 Bd7 11. O-O-O O-O-O 12. Be2 Rg8 13. Bh5 Rg7 14. Kb1
Kb8 15. Rhf1 Na5 16. Rf3 Nc4 17. Qe2 Rc8 18. Rd4 Bb5 19. Qf2 Na5 20. Nxa5 Qxa5
21. f5 d5 22. Rg3 Rxg3 23. Qxg3+ Ka8 24. Bxf7 Bb4 25. Rxb4 Qxb4 26. Bxe6 Rxc3
27. Qxc3 Qxc3 28. bxc3 dxe4 29. g4 h6 30. h4 Kb8 31. g5 fxg5 32. f6 Be8 33.
hxg5 hxg5 34. f7 Bxf7 35. Bxf7 Kc7 36. Bd5 e3 37. Kc1 b5 38. Kd1 Kd6 39. Bb7 a5
40. Ke2 Kc5 41. Kxe3 Kc4 42. Ba6 Kxc3 43. Bxb5 Kxc2 44. a4 Kb3 45. Kf3 Kb4 46.
Kg4 Kc5 47. Kxg5 Kb6 48. Kf5 Kc5 49. Ke5 Kb6 50. Kd6 Kb7 51. Kc5 Ka7 52. Bc4
Kb7 53. Kb5 Ka7 54. Kxa5 Kb7 55. Kb5 Ka7 56. Bd5 Kb8 57. a5 Ka7 58. a6 Kb8 59.
Kb6 1-0

[Event "24. European Club Cup 2008"]
[Site "Kallithea GRE"]
[Date "2008.10.17"]
[Round "1.17"]
[White "Gvein, Kenneth"]
[Black "Vydeslaver, Alik"]
[Result "1/2-1/2"]
[WhiteElo "2189"]
[BlackElo "2399"]
[PlyCount "141"]
[EventDate "2008.10.17"]
[EventType "team-swiss"]
[EventRounds "7"]
[EventCountry "GRE"]
[Source "lmi"]
[SourceDate "2008.10.17"]
[WhiteTeam "av 1911"]
[BlackTeam "Beer Sheva"]

1. d4 d5 2. c4 e6 3. Nc3 c6 4. e3 f5 5. Qc2 Nf6 6. Bd3 a6 7. Nge2 Bd6 8. cxd5
cxd5 9. Ng3 Ne4 10. f4 Nc6 11. Ncxe4 fxe4 12. Be2 O-O 13. Bd2 Bd7 14. Bc3 b5
15. a3 Rc8 16. Qd2 g5 17. Nh5 Be8 18. O-O Bxh5 19. Bxh5 gxf4 20. exf4 Qh4 21.
g4 Qh3 22. Rae1 Rf6 23. Re3 Qh4 24. Re2 Rcf8 25. Ref2 Ne7 26. Qe3 Ng6 27. Bxg6
hxg6 28. Qg3 Qh7 29. g5 Rf5 30. Bd2 Rc8 31. Ba5 Qa7 32. Bc3 a5 33. Qe3 b4 34.
axb4 axb4 35. Be1 Rc4 36. Rd2 Bc7 37. Kg2 Bb6 38. Bf2 Rc8 39. Bg3 Qa6 40. Rfd1
Rf7 41. Bf2 Qa7 42. Qh3 Rf5 43. Qe3 Rcf8 44. Bg3 Bc7 45. Rf2 Qb8 46. Rdf1 b3
47. h4 Bd6 48. Kh3 Kg7 49. Kg2 Rc8 50. Rc1 Rxc1 51. Qxc1 Qc7 52. Qe3 Qb8 53.
Rf1 Rf7 54. Kh3 Qb6 55. Rc1 Rc7 56. Rxc7+ Bxc7 57. Qc3 Kf7 58. f5 Bxg3 59.
fxg6+ Kxg6 60. Kxg3 Kf5 61. Kg2 e5 62. Qh3+ Kg6 63. dxe5 Qd4 64. Qe6+ Kh5 65.
Qh6+ Kg4 66. Qe6+ Kxh4 67. Qh6+ Kg4 68. Qe6+ Kxg5 69. Qf6+ Kg4 70. Qg6+ Kf4 71.
Qf6+ 1/2-1/2

[Event "24. European Club Cup 2008"]
[Site "Kallithea GRE"]
[Date "2008.10.17"]
[Round "1.18"]
[White "Macak, Stefan"]
[Black "Tregubov, Pavel V"]
[Result "0-1"]
[WhiteElo "2546"]
[BlackElo "2646"]
[PlyCount "73"]
[EventDate "2008.10.17"]
[EventType "team-swiss"]
[EventRounds "7"]
[EventCountry "GRE"]
[Source "lmi"]
[SourceDate "2008.10.17"]
[WhiteTeam "Kosice"]
[BlackTeam "Clichy"]

1. e4 c5 2. Nf3 Nc6 3. d4 cxd4 4. Nxd4 Nf6 5. Nc3 e5 6. Ndb5 d6 7. Bg5 a6 8.
Na3 b5 9. Bxf6 gxf6 10. Nd5 f5 11. Bd3 Be6 12. O-O Bxd5 13. exd5 Ne7 14. Nxb5
Bg7 15. Nc3 e4 16. Be2 Qa5 17. Rb1 Bxc3 18. bxc3 Qxc3 19. Rb7 Ng6 20. Rb6 Ke7
21. Rxa6 Rxa6 22. Bxa6 Rb8 23. f3 Rb6 24. Be2 Nf4 25. Kh1 Rb2 26. fxe4 Rxc2 27.
Bf3 Nd3 28. Be2 Nf2+ 29. Rxf2 Rc1 30. Qxc1 Qxc1+ 31. Rf1 Qc2 32. Bh5 Qc4 33.
Kg1 Qc5+ 34. Kh1 fxe4 35. Rxf7+ Kd8 36. Rf8+ Kc7 37. Rf1 0-1

[Event "24. European Club Cup 2008"]
[Site "Kallithea GRE"]
[Date "2008.10.17"]
[Round "1.18"]
[White "David, Alberto"]
[Black "Molnar, Peter"]
[Result "1-0"]
[WhiteElo "2585"]
[BlackElo "2297"]
[PlyCount "73"]
[EventDate "2008.10.17"]
[EventType "team-swiss"]
[EventRounds "7"]
[EventCountry "GRE"]
[Source "lmi"]
[SourceDate "2008.10.17"]
[WhiteTeam "Clichy"]
[BlackTeam "Kosice"]

1. e4 c6 2. d4 d5 3. Nc3 dxe4 4. Nxe4 Bf5 5. Ng3 Bg6 6. h4 h6 7. Nf3 Nd7 8. h5
Bh7 9. Bd3 Bxd3 10. Qxd3 Ngf6 11. Bf4 e6 12. O-O-O Be7 13. Kb1 O-O 14. Ne4 Nxe4
15. Qxe4 Nf6 16. Qe2 Qd5 17. Ne5 Qe4 18. Qxe4 Nxe4 19. Be3 Rfd8 20. Nd3 b5 21.
c3 Rac8 22. g4 Nf6 23. Rhg1 Nd5 24. Bd2 f6 25. f4 c5 26. dxc5 Bxc5 27. Rge1 Re8
28. g5 hxg5 29. fxg5 Bd6 30. Bc1 fxg5 31. Bxg5 Rc7 32. h6 gxh6 33. Bxh6 Rh7 34.
Rg1+ Kh8 35. Rg6 Bc7 36. Rdg1 Rf7 37. Bg7+ 1-0

[Event "24. European Club Cup 2008"]
[Site "Kallithea GRE"]
[Date "2008.10.17"]
[Round "1.18"]
[White "Edouard, Romain"]
[Black "Varholakova, Niki"]
[Result "1-0"]
[WhiteElo "2531"]
[BlackElo "2191"]
[PlyCount "43"]
[EventDate "2008.10.17"]
[EventType "team-swiss"]
[EventRounds "7"]
[EventCountry "GRE"]
[Source "lmi"]
[SourceDate "2008.10.17"]
[WhiteTeam "Clichy"]
[BlackTeam "Kosice"]

1. e4 e5 2. Nf3 Nc6 3. Bb5 a6 4. Ba4 b5 5. Bb3 Be7 6. d4 exd4 7. c3 Nf6 8. e5
Ne4 9. Bd5 Nc5 10. cxd4 Na4 11. Nc3 Nxc3 12. bxc3 O-O 13. h4 Rb8 14. Ng5 Bxg5
15. hxg5 Ne7 16. Qh5 h6 17. Bb3 d5 18. gxh6 g6 19. h7+ Kh8 20. Qg5 Nf5 21. Qxd8
Rxd8 22. Bg5 1-0

[Event "24. European Club Cup 2008"]
[Site "Kallithea GRE"]
[Date "2008.10.17"]
[Round "1.18"]
[White "Mullon, Jean-Baptiste"]
[Black "Treybal, Dusan"]
[Result "1-0"]
[WhiteElo "2354"]
[BlackElo "2173"]
[PlyCount "119"]
[EventDate "2008.10.17"]
[EventType "team-swiss"]
[EventRounds "7"]
[EventCountry "GRE"]
[Source "lmi"]
[SourceDate "2008.10.17"]
[WhiteTeam "Clichy"]
[BlackTeam "Kosice"]

1. e4 e5 2. Nf3 Nc6 3. Bb5 f5 4. d3 fxe4 5. dxe4 Nf6 6. Qd3 Bc5 7. O-O d6 8.
Qc4 Bd7 9. Nc3 Qe7 10. Nd5 Nxd5 11. exd5 Nd4 12. Nxd4 Bxd4 13. Bxd7+ Qxd7 14.
c3 Bb6 15. Be3 O-O 16. a4 Rf5 17. Qb5 Qf7 18. Bxb6 axb6 19. a5 bxa5 20. Qxb7
Rf8 21. Qa7 Qxd5 22. Qxc7 Qd2 23. Qb6 h6 24. h3 d5 25. Rad1 Qe2 26. Rxd5 Rxf2
27. Qxf2 Rxf2 28. Rxf2 Qe1+ 29. Rf1 Qe2 30. Rd8+ Kh7 31. Rb8 e4 32. Rb7 h5 33.
Rff7 Qd1+ 34. Kf2 Qd2+ 35. Kg3 Qg5+ 36. Kh2 Qe5+ 37. Kh1 e3 38. Rxg7+ Kh6 39.
Rge7 Qd5 40. Rb6+ Kg5 41. Rxe3 Qd2 42. Rg3+ Kf5 43. Rf3+ Ke4 44. b3 h4 45. c4
Qe1+ 46. Kh2 Kd4 47. Rd6+ Ke5 48. Rd5+ Ke6 49. Rg5 Qa1 50. Rg6+ Ke7 51. Re3+
Kf7 52. Rg4 Qh8 53. Kg1 Qa1+ 54. Kf2 Qb2+ 55. Kf3 Qh8 56. Rf4+ Kg7 57. Re7+ Kg6
58. Re6+ Kg5 59. Rfe4 Qc3+ 60. Re3 1-0

[Event "24. European Club Cup 2008"]
[Site "Kallithea GRE"]
[Date "2008.10.17"]
[Round "1.19"]
[White "Baramidze, David"]
[Black "Henrichs, Thomas"]
[Result "1-0"]
[WhiteElo "2557"]
[BlackElo "2485"]
[PlyCount "80"]
[EventDate "2008.10.17"]
[EventType "team-swiss"]
[EventRounds "7"]
[EventCountry "GRE"]
[Source "lmi"]
[SourceDate "2008.10.17"]
[WhiteTeam "Hohenems"]
[BlackTeam "Differdange"]

1. e4 c5 2. Nf3 d6 3. d4 cxd4 4. Nxd4 Nf6 5. Nc3 a6 6. Be3 e6 7. g4 h5 8. g5
Ng4 9. Bc1 Qb6 10. h3 Ne5 11. Nb3 Nbc6 12. Be3 Qc7 13. f4 Nd7 14. g6 fxg6 15.
Qd2 b5 16. Qg2 Nc5 17. Nxc5 dxc5 18. O-O-O Nd4 19. Ne2 Qf7 20. Nxd4 cxd4 21.
Bxd4 Bb7 22. Be5 Be7 23. Rg1 Bc5 24. Bd3 Be3+ 25. Kb1 Bxg1 26. Rxg1 Rd8 27. a3
Rh6 28. h4 Bc6 29. Qh3 a5 30. Rg5 b4 31. axb4 axb4 32. b3 Kf8 33. f5 Qb7 34.
fxe6 Kg8 35. Qg2 Kh7 36. Bf4 Ra8 37. Be3 Qe7 38. Bc4 Qd6 39. Qd2 Qe7 40. Bc5
Qf6 1-0

[Event "24. European Club Cup 2008"]
[Site "Kallithea GRE"]
[Date "2008.10.17"]
[Round "1.19"]
[White "Bakalarz, Mietek"]
[Black "Naumann, Alexander"]
[Result "1/2-1/2"]
[WhiteElo "2330"]
[BlackElo "2518"]
[PlyCount "38"]
[EventDate "2008.10.17"]
[EventType "team-swiss"]
[EventRounds "7"]
[EventCountry "GRE"]
[Source "lmi"]
[SourceDate "2008.10.17"]
[WhiteTeam "Differdange"]
[BlackTeam "Hohenems"]

1. d4 d5 2. Bf4 Nf6 3. e3 Bf5 4. c4 c6 5. Qb3 Qc8 6. Nc3 e6 7. Rc1 Be7 8. cxd5
Nxd5 9. Bg3 O-O 10. Bc4 Nxc3 11. Qxc3 c5 12. Nf3 cxd4 13. Nxd4 Bf6 14. O-O Nc6
15. Nxc6 Qxc6 16. Be5 Bxe5 17. Qxe5 Rac8 18. Rfd1 Rfd8 19. b3 h6 1/2-1/2

[Event "24. European Club Cup 2008"]
[Site "Kallithea GRE"]
[Date "2008.10.17"]
[Round "1.19"]
[White "Novkovic, Milan"]
[Black "Gengler, Pierre"]
[Result "1-0"]
[WhiteElo "2398"]
[BlackElo "2200"]
[PlyCount "165"]
[EventDate "2008.10.17"]
[EventType "team-swiss"]
[EventRounds "7"]
[EventCountry "GRE"]
[Source "lmi"]
[SourceDate "2008.10.17"]
[WhiteTeam "Hohenems"]
[BlackTeam "Differdange"]

1. Nf3 c5 2. c4 Nf6 3. Nc3 Nc6 4. e3 e5 5. a3 d5 6. cxd5 Nxd5 7. Bb5 Nxc3 8.
bxc3 e4 9. Ne5 a6 10. Nxc6 Qc7 11. Nd4+ axb5 12. Nxb5 Qc6 13. c4 Be7 14. Bb2
O-O 15. O-O Qg6 16. Kh1 Rd8 17. Nc7 Ra7 18. Nd5 Bf8 19. f3 b5 20. Nf4 Qc6 21.
cxb5 Qxb5 22. Bc3 Ba6 23. Rg1 Qc6 24. fxe4 Qxe4 25. Qf3 Bb7 26. Qxe4 Bxe4 27.
a4 Ra6 28. Rgf1 Rh6 29. Kg1 Bd6 30. a5 Ra8 31. Ra2 Bc7 32. Ra4 Bc6 33. Ra3 Be4
34. g3 g5 35. Ne2 Bd3 36. Rf2 Be4 37. Ra4 Bd3 38. Nc1 Bb5 39. Rg4 Rg6 40. Rf5
Bd7 41. Rgxg5 Bxf5 42. Rxf5 Bxa5 43. Rxc5 Bxc3 44. Rxc3 Rb6 45. Rc2 h5 46. h4
Ra1 47. Kg2 Rab1 48. Nd3 Kg7 49. Kf2 Kh6 50. Nf4 Rh1 51. Kg2 Rd1 52. d3 Rbb1
53. Rc6+ Kh7 54. Rc2 Kh6 55. e4 Rb5 56. Re2 Re5 57. Ra2 Rb5 58. Kf2 Kh7 59. Ke3
Rg1 60. Rg2 Re1+ 61. Re2 Rg1 62. Kf2 Rd1 63. Rc2 Kh6 64. Rc7 f5 65. Rc6+ Kh7
66. Ke2 Rbb1 67. Nxh5 Re1+ 68. Kf2 Rf1+ 69. Ke3 Rbe1+ 70. Kd4 fxe4 71. Nf6+ Kg7
72. Nxe4 Rh1 73. Ke5 Re3 74. Rd6 Rhe1 75. Kf4 R3e2 76. h5 Rf1+ 77. Kg5 Rf8 78.
Rd7+ Rf7 79. Rd6 Kf8 80. h6 Ke7 81. Ra6 Rh2 82. Kg6 Kf8 83. h7 1-0